000 00885nam a22002658i 4500
999 _c2702
_d2702
001 021679984
003 UkOxU
005 20230811090207.0
008 190308s2019 enk 000|0|eng|d
020 _a9781108459327 (pbk.) :
040 _aStDuBDS
_beng
_erda
_cStDuBDS
_dUkOxU
_dKH8
049 _aCROBAR
082 0 4 _a909.8 WAD
100 1 _aWadsworth, Phil,
_eauthor.
245 1 0 _aInternational history, 1870-1945 for Cambridge international AS level history.
_pCoursebook /
_cPhil Wadsworth.
250 _aSecond edition.
263 _a201903
264 1 _aCambridge :
_bCambridge University Press,
_c2019.
300 _aviii, 240 pages :
_billustrations, colour maps ;
_c8.75 x 0.75 x 11 inches.
336 _atext
_2rdacontent
337 _aunmediated
_2rdamedia
338 _avolume
_2rdacarrier
650 0 _aHistory, Modern
_xExaminations
_vStudy guides.
942 _2ddc
_cTR